Foods by Picture - Statistics

General Stats
  • This quiz has been taken 128 times
  • The average score is 12 of 20
Answer Stats
Picture Answer % Correct
Pizza
99%
Taco
97%
Hot Dog
96%
Pasta
93%
Hamburger
80%
French Fries
77%
Lasagna
77%
Burrito
74%
Salad
72%
Soup
64%
Eggs
59%
Dumpling
54%
Mozzarella Sticks
48%
Kebab
46%
Fried Rice
43%
Chicken Wings
32%
Samosa
31%
Noodles
28%
Chicken Nuggets
22%
Butter Chicken
8%
No matching quizzes found
Score Distribution
Percent of People with Each Score
Percentile by Number Answered
Your Score History
You have not taken this quiz